[Event "Villarobledo Online Qualifyer"]
[Site "playchess.com #155672"]
[Date "2009.05.23"]
[Round "4"]
[White "CubaChessPraxis"]
[Black "-st!er-"]
[Result "1-0"]
[WhiteElo "2124"]
[BlackElo "2814"]
[PlyCount "53"]
[EventDate "2009.05.23"]
[EventType "swiss (blitz)"]

1. d4 {[%emt 0:00:04]} Nf6 {[%emt 0:00:01]} 2. c4 {[%emt 0:00:02]} g6 {[%emt 0:
00:01]} 3. Nc3 {[%emt 0:00:01]} Bg7 {[%emt 0:00:03]} 4. Nf3 {[%emt 0:00:00]}
O-O {[%emt 0:00:00]} 5. g3 {[%emt 0:00:01]} d5 {[%emt 0:00:03]} 6. Bg2 {[%emt
0:00:05]} dxc4 {[%emt 0:00:01]} 7. O-O {[%emt 0:00:02]} c6 {[%emt 0:00:01]} 8.
h3 {[%emt 0:00:02]} Nd5 {[%emt 0:00:10]} 9. e4 {[%emt 0:00:02]} Nb4 {[%emt 0:
00:02]} 10. Qa4 {[%emt 0:00:10]} a5 {[%emt 0:00:05]} 11. Be3 {[%emt 0:00:30]}
Nd7 {[%emt 0:00:16]} 12. a3 {[%emt 0:00:09]} b5 {[%emt 0:00:02]} 13. Qd1 {
[%emt 0:00:01]} Nd3 {[%emt 0:00:01]} 14. Qd2 {[%emt 0:00:01]} e5 {[%emt 0:00:
02]} 15. dxe5 {[%emt 0:00:06]} N7xe5 {[%emt 0:00:03]} 16. Nxe5 {[%emt 0:00:01]}
Bxe5 {[%emt 0:00:01]} 17. f4 {[%emt 0:00:07]} Bd4 {[%emt 0:00:01]} 18. e5 {
[%emt 0:00:04]} Qb6 {[%emt 0:00:02]} 19. Bxd4 {[%emt 0:00:04]} Qxd4+ {[%emt 0:
00:00]} 20. Kh2 {[%emt 0:00:01]} Ra6 {[%emt 0:00:07]} 21. Ne4 {[%emt 0:00:02]}
Be6 {[%emt 0:00:02]} 22. Nf6+ {[%emt 0:00:02]} Kg7 {[%emt 0:00:01]} 23. f5 {
[%emt 0:00:11]} Bd5 {[%emt 0:00:01]} 24. Nh5+ {[%emt 0:00:03]} Kh8 {[%emt 0:00:
16]} 25. Qh6 {[%emt 0:00:02]} Rg8 {[%emt 0:00:01]} 26. Nf6 {[%emt 0:00:04]} Rg7
{[%emt 0:00:01]} 27. Nxh7 {[%emt 0:00:01] -st!er- resigns} 1-0

[Event "Villarobledo Online Qualifyer"]
[Site "playchess.com #155672"]
[Date "2009.05.23"]
[Round "4"]
[White "Ozmarabagi"]
[Black "Ajaraisk"]
[Result "1-0"]
[WhiteElo "1791"]
[BlackElo "2171"]
[PlyCount "39"]
[EventDate "2009.05.23"]
[EventType "swiss (blitz)"]

1. e4 {[%emt 0:00:10]} d6 {[%emt 0:00:00]} 2. d4 {[%emt 0:00:05]} Nf6 {[%emt 0:
00:01]} 3. f3 {[%emt 0:00:04]} g6 {[%emt 0:00:02]} 4. Nc3 {[%emt 0:00:04]} Bg7
{[%emt 0:00:01]} 5. Be3 {[%emt 0:00:04]} c6 {[%emt 0:00:03]} 6. Qd2 {[%emt 0:
00:05]} Nbd7 {[%emt 0:00:01]} 7. O-O-O {[%emt 0:00:04]} Qa5 {[%emt 0:00:01]} 8.
Kb1 {[%emt 0:00:04]} b5 {[%emt 0:00:01]} 9. e5 {[%emt 0:00:06]} b4 {[%emt 0:00:
06]} 10. exf6 {[%emt 0:00:10]} bxc3 {[%emt 0:00:05]} 11. fxg7 {[%emt 0:00:09]}
Rg8 {[%emt 0:00:02]} 12. Qxc3 {[%emt 0:00:12]} Qb6 {[%emt 0:00:03]} 13. Bh6 {
[%emt 0:00:06]} Nf6 {[%emt 0:00:02]} 14. Bc4 {[%emt 0:00:05]} Ba6 {[%emt 0:00:
07]} 15. Bb3 {[%emt 0:00:05]} Rb8 {[%emt 0:00:05]} 16. Nh3 {[%emt 0:00:07]} Rc8
{[%emt 0:00:10]} 17. Nf4 {[%emt 0:00:05]} Bb7 {[%emt 0:00:27]} 18. Rhe1 {[%emt
0:00:07]} c5 {[%emt 0:00:06]} 19. dxc5 {[%emt 0:00:05]} Rxc5 {[%emt 0:00:01]}
20. Qxf6 {[%emt 0:00:07] Ajaraisk resigns} 1-0

[Event "Villarobledo Online Qualifyer"]
[Site "playchess.com #155672"]
[Date "2009.05.23"]
[Round "4"]
[White "Marx"]
[Black "Krondor"]
[Result "0-1"]
[WhiteElo "1301"]
[BlackElo "1564"]
[PlyCount "38"]
[EventDate "2009.05.23"]
[EventType "swiss (blitz)"]

1. e4 {[%emt 0:00:03]} e5 {[%emt 0:00:01]} 2. Nf3 {[%emt 0:00:01]} Nf6 {[%emt
0:00:01]} 3. Bc4 {[%emt 0:00:01]} Nxe4 {[%emt 0:00:09]} 4. O-O {[%emt 0:00:01]}
d6 {[%emt 0:00:06]} 5. d4 {[%emt 0:00:02]} Bg4 {[%emt 0:00:04]} 6. dxe5 {[%emt
0:00:01]} dxe5 {[%emt 0:00:10]} 7. Qxd8+ {[%emt 0:00:02]} Kxd8 {[%emt 0:00:02]}
8. Nxe5 {[%emt 0:00:01]} Bh5 {[%emt 0:00:25]} 9. Re1 {[%emt 0:00:15]} Nd6 {
[%emt 0:00:05]} 10. Bb3 {[%emt 0:00:13]} f6 {[%emt 0:00:17]} 11. Nc4 {[%emt 0:
00:07]} Nc6 {[%emt 0:00:14]} 12. Nxd6 {[%emt 0:00:04]} Bxd6 {[%emt 0:00:02]}
13. c3 {[%emt 0:00:05]} g5 {[%emt 0:00:18]} 14. Be3 {[%emt 0:00:07]} Be5 {
[%emt 0:00:10]} 15. Nd2 {[%emt 0:00:08]} Kd7 {[%emt 0:00:23]} 16. Ne4 {[%emt 0:
00:04]} Rae8 {[%emt 0:00:18]} 17. Nxf6+ {[%emt 0:00:02]} Bxf6 {[%emt 0:00:07]}
18. Rad1+ {[%emt 0:00:05]} Kc8 {[%emt 0:00:03]} 19. Ba4 {[%emt 0:00:14]} Bxd1 {
[%emt 0:00:03] Marx resigns} 0-1

[Event "Villarobledo Online Qualifyer"]
[Site "playchess.com #155672"]
[Date "2009.05.23"]
[Round "4"]
[White "Orzechowski_Jac"]
[Black "Von Herman"]
[Result "1-0"]
[WhiteElo "2146"]
[BlackElo "2323"]
[PlyCount "43"]
[EventDate "2009.05.23"]
[EventType "swiss (blitz)"]

1. c4 {[%emt 0:00:02]} c6 {[%emt 0:00:03]} 2. e4 {[%emt 0:00:01]} e5 {[%emt 0:
00:01]} 3. Nf3 {[%emt 0:00:02]} d6 {[%emt 0:00:01]} 4. d4 {[%emt 0:00:04]} Nd7
{[%emt 0:00:01]} 5. Nc3 {[%emt 0:00:01]} Ngf6 {[%emt 0:00:01]} 6. Be2 {[%emt 0:
00:01]} g6 {[%emt 0:00:02]} 7. O-O {[%emt 0:00:08]} Bg7 {[%emt 0:00:01]} 8. d5
{[%emt 0:00:17]} c5 {[%emt 0:00:12]} 9. Ne1 {[%emt 0:00:06]} O-O {[%emt 0:00:
02]} 10. Nd3 {[%emt 0:00:07]} Ne8 {[%emt 0:00:11]} 11. a3 {[%emt 0:00:06]} f5 {
[%emt 0:00:03]} 12. Rb1 {[%emt 0:00:18]} Nef6 {[%emt 0:00:21]} 13. exf5 {[%emt
0:00:16]} gxf5 {[%emt 0:00:02]} 14. f4 {[%emt 0:00:01]} e4 {[%emt 0:00:01]} 15.
Nf2 {[%emt 0:00:04]} Qe7 {[%emt 0:00:13]} 16. Be3 {[%emt 0:00:02]} Kh8 {[%emt
0:00:09]} 17. Kh1 {[%emt 0:00:03]} Rg8 {[%emt 0:00:01]} 18. b4 {[%emt 0:00:41]}
b6 {[%emt 0:00:03]} 19. bxc5 {[%emt 0:00:05]} bxc5 {[%emt 0:00:04]} 20. Qa4 {
[%emt 0:00:11]} Nf8 {[%emt 0:00:25]} 21. Qc6 {[%emt 0:00:10]} Bd7 {[%emt 0:00:
01]} 22. Qxa8 {[%emt 0:00:02] Von Herman gibt auf} 1-0

[Event "Villarobledo Online Qualifyer"]
[Site "playchess.com #155672"]
[Date "2009.05.23"]
[Round "4"]
[White "Jrt"]
[Black "MiguelM"]
[Result "1-0"]
[WhiteElo "2198"]
[BlackElo "1814"]
[PlyCount "71"]
[EventDate "2009.05.23"]
[EventType "swiss (blitz)"]

1. e4 {[%emt 0:00:01]} Nf6 {[%emt 0:00:01]} 2. d3 {[%emt 0:00:02]} Nc6 {[%emt
0:00:01]} 3. Nd2 {[%emt 0:00:00]} d6 {[%emt 0:00:01]} 4. Ngf3 {[%emt 0:00:00]}
Bg4 {[%emt 0:00:02]} 5. Be2 {[%emt 0:00:02]} e6 {[%emt 0:00:01]} 6. O-O {[%emt
0:00:00]} Be7 {[%emt 0:00:01]} 7. c3 {[%emt 0:00:00]} O-O {[%emt 0:00:01]} 8.
b4 {[%emt 0:00:00]} a6 {[%emt 0:00:01]} 9. a4 {[%emt 0:00:01]} Qd7 {[%emt 0:00:
01]} 10. Bb2 {[%emt 0:00:01]} b6 {[%emt 0:00:10]} 11. Nc4 {[%emt 0:00:01]} b5 {
[%emt 0:00:07]} 12. Ne3 {[%emt 0:00:02]} Bxf3 {[%emt 0:00:03]} 13. Bxf3 {[%emt
0:00:01]} e5 {[%emt 0:00:02]} 14. Ra2 {[%emt 0:00:10]} Rfb8 {[%emt 0:00:04]}
15. Qa1 {[%emt 0:00:01]} Qe8 {[%emt 0:00:20]} 16. Ra3 {[%emt 0:00:07]} Bf8 {
[%emt 0:00:02]} 17. Qa2 {[%emt 0:00:01]} Ne7 {[%emt 0:00:14]} 18. axb5 {[%emt
0:00:10]} axb5 {[%emt 0:00:01]} 19. Ra1 {[%emt 0:00:01]} Rxa3 {[%emt 0:00:04]}
20. Qxa3 {[%emt 0:00:00]} c6 {[%emt 0:00:05]} 21. Qa7 {[%emt 0:00:03]} Ng6 {
[%emt 0:00:06]} 22. g3 {[%emt 0:00:02]} Be7 {[%emt 0:00:12]} 23. Bd1 {[%emt 0:
00:06]} Bf8 {[%emt 0:00:06]} 24. Bb3 {[%emt 0:00:02]} Nd7 {[%emt 0:00:06]} 25.
Nf5 {[%emt 0:00:10]} Qc8 {[%emt 0:00:05]} 26. h4 {[%emt 0:00:12]} Rb7 {[%emt 0:
00:10]} 27. Qe3 {[%emt 0:00:02]} Ne7 {[%emt 0:00:05]} 28. Nxd6 {[%emt 0:00:02]}
Qb8 {[%emt 0:00:03]} 29. Nxb7 {[%emt 0:00:05]} Qxb7 {[%emt 0:00:01]} 30. Qa7 {
[%emt 0:00:02]} Qxa7 {[%emt 0:00:08]} 31. Rxa7 {[%emt 0:00:02]} Nf6 {[%emt 0:
00:01]} 32. f3 {[%emt 0:00:04]} g6 {[%emt 0:00:01]} 33. Kf2 {[%emt 0:00:02]}
Kg7 {[%emt 0:00:01]} 34. Bc1 {[%emt 0:00:08]} Ne8 {[%emt 0:00:05]} 35. Ra8 {
[%emt 0:00:02]} Nd6 {[%emt 0:00:02]} 36. Bh6+ {[%emt 0:00:03] MiguelM rinde}
1-0

[Event "Villarobledo Online Qualifyer"]
[Site "playchess.com #155672"]
[Date "2009.05.23"]
[Round "4"]
[White "Drift"]
[Black "Manza"]
[Result "1-0"]
[WhiteElo "1810"]
[BlackElo "1571"]
[PlyCount "49"]
[EventDate "2009.05.23"]
[EventType "swiss (blitz)"]

1. d4 {[%emt 0:00:03]} Nf6 {[%emt 0:00:04]} 2. Nf3 {[%emt 0:00:01]} g6 {[%emt
0:00:03]} 3. Nc3 {[%emt 0:00:03]} Bg7 {[%emt 0:00:02]} 4. e4 {[%emt 0:00:02]}
d6 {[%emt 0:00:01]} 5. Be3 {[%emt 0:00:01]} Ng4 {[%emt 0:00:05]} 6. Bg5 {[%emt
0:00:03]} h6 {[%emt 0:00:03]} 7. Bh4 {[%emt 0:00:01]} Nd7 {[%emt 0:00:02]} 8.
h3 {[%emt 0:00:02]} Ngf6 {[%emt 0:00:01]} 9. Qd2 {[%emt 0:00:06]} O-O {[%emt 0:
00:06]} 10. O-O-O {[%emt 0:00:03]} Re8 {[%emt 0:00:16]} 11. e5 {[%emt 0:00:22]}
dxe5 {[%emt 0:00:12]} 12. dxe5 {[%emt 0:00:02]} Nh7 {[%emt 0:00:09]} 13. Bc4 {
[%emt 0:00:33]} g5 {[%emt 0:00:26]} 14. e6 {[%emt 0:00:02]} fxe6 {[%emt 0:00:
10]} 15. Bxe6+ {[%emt 0:00:03]} Kh8 {[%emt 0:00:03]} 16. Bg3 {[%emt 0:00:02]}
Nhf6 {[%emt 0:00:06]} 17. Be5 {[%emt 0:00:04]} c6 {[%emt 0:00:31]} 18. Bxf6 {
[%emt 0:00:04]} Bxf6 {[%emt 0:00:01]} 19. Bxd7 {[%emt 0:00:01]} Bxd7 {[%emt 0:
00:02]} 20. Qxd7 {[%emt 0:00:02]} Bxc3 {[%emt 0:00:06]} 21. Qxd8 {[%emt 0:00:
38]} Bxb2+ {[%emt 0:00:07]} 22. Kxb2 {[%emt 0:00:02]} Raxd8 {[%emt 0:00:02]}
23. Ne5 {[%emt 0:00:02]} Rxd1 {[%emt 0:00:12]} 24. Rxd1 {[%emt 0:00:02]} Rf8 {
[%emt 0:00:05]} 25. Ng6+ {[%emt 0:00:04] Manza rinde} 1-0

[Event "Villarobledo Online Qualifyer"]
[Site "playchess.com #155672"]
[Date "2009.05.23"]
[Round "4"]
[White "Us6"]
[Black "Sophie_Neveu"]
[Result "1-0"]
[WhiteElo "2607"]
[BlackElo "2194"]
[PlyCount "51"]
[EventDate "2009.05.23"]
[EventType "swiss (blitz)"]

1. d4 {[%emt 0:00:02]} d5 {[%emt 0:00:04]} 2. c4 {[%emt 0:00:04]} c6 {[%emt 0:
00:01]} 3. Nf3 {[%emt 0:00:01]} Nf6 {[%emt 0:00:01]} 4. e3 {[%emt 0:00:01]} Bg4
{[%emt 0:00:01]} 5. Qb3 {[%emt 0:00:03]} Qb6 {[%emt 0:00:01]} 6. Nc3 {[%emt 0:
00:42]} e6 {[%emt 0:00:09]} 7. Nh4 {[%emt 0:00:06]} Be7 {[%emt 0:00:07]} 8. h3
{[%emt 0:00:18]} Bh5 {[%emt 0:00:01]} 9. g4 {[%emt 0:00:01]} Bg6 {[%emt 0:00:
01]} 10. Nxg6 {[%emt 0:00:01]} hxg6 {[%emt 0:00:00]} 11. Bg2 {[%emt 0:00:01]}
Nbd7 {[%emt 0:00:04]} 12. g5 {[%emt 0:00:02]} Ng8 {[%emt 0:00:16]} 13. e4 {
[%emt 0:00:06]} Qxd4 {[%emt 0:01:05]} 14. Qxb7 {[%emt 0:00:12]} Rb8 {[%emt 0:
00:01]} 15. Qxc6 {[%emt 0:00:01]} Qxc4 {[%emt 0:00:02]} 16. exd5 {[%emt 0:00:
09]} Qxc6 {[%emt 0:00:25]} 17. dxc6 {[%emt 0:00:02]} Ne5 {[%emt 0:00:01]} 18.
O-O {[%emt 0:00:09]} Rc8 {[%emt 0:00:05]} 19. Bf4 {[%emt 0:00:08]} Nxc6 {[%emt
0:00:04]} 20. Nb5 {[%emt 0:00:03]} e5 {[%emt 0:00:18]} 21. Be3 {[%emt 0:00:16]}
a6 {[%emt 0:00:06]} 22. Rac1 {[%emt 0:00:02]} axb5 {[%emt 0:00:02]} 23. Bxc6+ {
[%emt 0:00:03]} Kf8 {[%emt 0:00:01]} 24. Bxb5 {[%emt 0:00:02]} Rxc1 {[%emt 0:
00:04]} 25. Rxc1 {[%emt 0:00:00]} Bd6 {[%emt 0:00:11]} 26. Rc8+ {[%emt 0:00:03]
Sophie_Neveu rinde} 1-0

[Event "Villarobledo Online Qualifyer"]
[Site "playchess.com #155672"]
[Date "2009.05.23"]
[Round "4"]
[White "Kasimito"]
[Black "Burim999"]
[Result "1-0"]
[WhiteElo "1877"]
[BlackElo "1542"]
[PlyCount "59"]
[EventDate "2009.05.23"]
[EventType "swiss (blitz)"]

1. e4 {[%emt 0:00:04]} c5 {[%emt 0:00:02]} 2. c3 {[%emt 0:00:16]} d6 {[%emt 0:
00:02]} 3. d4 {[%emt 0:00:07]} cxd4 {[%emt 0:00:01]} 4. cxd4 {[%emt 0:00:04]}
e6 {[%emt 0:00:01]} 5. Nc3 {[%emt 0:00:05]} Nf6 {[%emt 0:00:02]} 6. Nf3 {[%emt
0:00:07]} Be7 {[%emt 0:00:01]} 7. Bd3 {[%emt 0:00:05]} O-O {[%emt 0:00:01]} 8.
O-O {[%emt 0:00:05]} Nc6 {[%emt 0:00:01]} 9. Qe2 {[%emt 0:00:05]} a6 {[%emt 0:
00:03]} 10. e5 {[%emt 0:00:04]} dxe5 {[%emt 0:00:02]} 11. dxe5 {[%emt 0:00:04]}
Nd5 {[%emt 0:00:01]} 12. Rd1 {[%emt 0:00:05]} Qc7 {[%emt 0:00:05]} 13. Bd2 {
[%emt 0:00:07]} f6 {[%emt 0:00:12]} 14. Qe4 {[%emt 0:00:06]} f5 {[%emt 0:00:05]
} 15. Nxd5 {[%emt 0:00:07]} exd5 {[%emt 0:00:03]} 16. Qxd5+ {[%emt 0:00:04]}
Kh8 {[%emt 0:00:01]} 17. Rac1 {[%emt 0:00:07]} Bd7 {[%emt 0:00:06]} 18. e6 {
[%emt 0:00:06]} Be8 {[%emt 0:00:01]} 19. Bxf5 {[%emt 0:00:06]} Rd8 {[%emt 0:00:
03]} 20. Qe4 {[%emt 0:00:05]} Bh5 {[%emt 0:00:12]} 21. Bc3 {[%emt 0:00:09]}
Bxf3 {[%emt 0:00:28]} 22. Qxf3 {[%emt 0:00:06]} Ne5 {[%emt 0:00:01]} 23. Qh5 {
[%emt 0:00:08]} g6 {[%emt 0:00:12]} 24. Bxg6 {[%emt 0:00:05]} Bf6 {[%emt 0:00:
20]} 25. Re1 {[%emt 0:00:06]} Nxg6 {[%emt 0:00:09]} 26. Bxf6+ {[%emt 0:00:09]}
Rxf6 {[%emt 0:00:03]} 27. Rxc7 {[%emt 0:00:05]} Nf8 {[%emt 0:00:24]} 28. e7 {
[%emt 0:00:06]} Rd2 {[%emt 0:00:07]} 29. exf8=Q+ {[%emt 0:00:07]} Rxf8 {[%emt
0:00:05]} 30. Qxh7# {[%emt 0:00:04]} 1-0

[Event "Villarobledo Online Qualifyer"]
[Site "playchess.com #155672"]
[Date "2009.05.23"]
[Round "4"]
[White "jchess06"]
[Black "PertsaPera"]
[Result "1-0"]
[WhiteElo "1798"]
[BlackElo "1454"]
[PlyCount "73"]
[EventDate "2009.05.23"]
[EventType "swiss (blitz)"]

1. d4 {[%emt 0:00:02]} d6 {[%emt 0:00:02]} 2. c3 {[%emt 0:00:00]} Nf6 {[%emt 0:
00:03]} 3. Nf3 {[%emt 0:00:00]} Bg4 {[%emt 0:00:02]} 4. Bg5 {[%emt 0:00:01]}
Bxf3 {[%emt 0:00:02]} 5. exf3 {[%emt 0:00:01]} Nbd7 {[%emt 0:00:01]} 6. Bd3 {
[%emt 0:00:02]} h6 {[%emt 0:00:02]} 7. Bh4 {[%emt 0:00:01]} e6 {[%emt 0:00:02]}
8. Nd2 {[%emt 0:00:01]} Be7 {[%emt 0:00:01]} 9. O-O {[%emt 0:00:01]} O-O {
[%emt 0:00:03]} 10. Qe2 {[%emt 0:00:00]} a6 {[%emt 0:00:08]} 11. Ne4 {[%emt 0:
00:01]} Nxe4 {[%emt 0:00:04]} 12. Qxe4 {[%emt 0:00:00]} g6 {[%emt 0:00:28]} 13.
Bxe7 {[%emt 0:00:04]} Qxe7 {[%emt 0:00:07]} 14. Qxb7 {[%emt 0:00:01]} Nf6 {
[%emt 0:00:18]} 15. Qb3 {[%emt 0:00:04]} h5 {[%emt 0:00:17]} 16. Rfe1 {[%emt 0:
00:02]} d5 {[%emt 0:00:11]} 17. Qc2 {[%emt 0:00:01]} Kg7 {[%emt 0:00:05]} 18.
Re2 {[%emt 0:00:04]} h4 {[%emt 0:00:05]} 19. Rae1 {[%emt 0:00:02]} Nh5 {[%emt
0:00:08]} 20. Re5 {[%emt 0:00:13]} Nf4 {[%emt 0:00:21]} 21. R5e3 {[%emt 0:00:
06]} Rh8 {[%emt 0:00:05]} 22. Bf1 {[%emt 0:00:14]} h3 {[%emt 0:00:06]} 23. g3 {
[%emt 0:00:01]} Ng2 {[%emt 0:00:43]} 24. Bxg2 {[%emt 0:00:03]} hxg2 {[%emt 0:
00:01]} 25. Kxg2 {[%emt 0:00:01]} Qg5 {[%emt 0:00:03]} 26. f4 {[%emt 0:00:18]}
Qg4 {[%emt 0:00:06]} 27. f3 {[%emt 0:00:09]} Qh5 {[%emt 0:00:12]} 28. Kg1 {
[%emt 0:00:02]} Qh3 {[%emt 0:00:01]} 29. Qg2 {[%emt 0:00:01]} Qh6 {[%emt 0:00:
02]} 30. R3e2 {[%emt 0:00:02]} Rae8 {[%emt 0:00:02]} 31. Qf2 {[%emt 0:00:01]}
Qh5 {[%emt 0:00:01]} 32. Qe3 {[%emt 0:00:01]} g5 {[%emt 0:00:00]} 33. fxg5 {
[%emt 0:00:01]} Qh3 {[%emt 0:00:02]} 34. Qe5+ {[%emt 0:00:01]} Kg6 {[%emt 0:00:
03]} 35. Qf6+ {[%emt 0:00:02]} Kh5 {[%emt 0:00:02]} 36. Qxf7+ {[%emt 0:00:02]}
Kxg5 {[%emt 0:00:04]} 37. Re5+ {[%emt 0:00:01] PertsaPera resigns} 1-0

[Event "Villarobledo Online Qualifyer"]
[Site "playchess.com #155672"]
[Date "2009.05.23"]
[Round "4"]
[White "Tomik Trhal"]
[Black "Lupi_linares"]
[Result "1-0"]
[WhiteElo "2170"]
[BlackElo "1767"]
[PlyCount "45"]
[EventDate "2009.05.23"]
[EventType "swiss (blitz)"]

1. d4 {[%emt 0:00:01]} d5 {[%emt 0:00:13]} 2. Nf3 {[%emt 0:00:02]} Nf6 {[%emt
0:00:01]} 3. Bf4 {[%emt 0:00:03]} e6 {[%emt 0:00:01]} 4. e3 {[%emt 0:00:01]}
Be7 {[%emt 0:00:01]} 5. c4 {[%emt 0:00:03]} Nh5 {[%emt 0:00:02]} 6. Be5 {[%emt
0:00:08]} f6 {[%emt 0:00:01]} 7. Bg3 {[%emt 0:00:48]} Nxg3 {[%emt 0:00:03]} 8.
hxg3 {[%emt 0:00:00]} b6 {[%emt 0:00:18]} 9. Bd3 {[%emt 0:00:02]} Bb7 {[%emt 0:
00:07]} 10. Rxh7 {[%emt 0:00:15]} Rxh7 {[%emt 0:00:06]} 11. Bg6+ {[%emt 0:00:
01]} Kd7 {[%emt 0:00:14]} 12. Bxh7 {[%emt 0:00:01]} f5 {[%emt 0:00:20]} 13.
Ne5+ {[%emt 0:00:06]} Kc8 {[%emt 0:00:03]} 14. Qh5 {[%emt 0:00:36]} dxc4 {
[%emt 0:00:13]} 15. Nc3 {[%emt 0:00:02]} Bxg2 {[%emt 0:00:04]} 16. O-O-O {
[%emt 0:00:02]} Nc6 {[%emt 0:00:10]} 17. Nxc6 {[%emt 0:00:20]} Bxc6 {[%emt 0:
00:03]} 18. d5 {[%emt 0:00:03]} Be8 {[%emt 0:00:09]} 19. Bg6 {[%emt 0:00:05]}
Bxg6 {[%emt 0:00:40]} 20. Qxg6 {[%emt 0:00:02]} exd5 {[%emt 0:00:01]} 21. Rxd5
{[%emt 0:00:13]} Qh8 {[%emt 0:00:05]} 22. Qxf5+ {[%emt 0:00:02]} Kb7 {[%emt 0:
00:04]} 23. Qe4 {[%emt 0:00:06] Lupi_linares rinde} 1-0

[Event "Villarobledo Online Qualifyer"]
[Site "playchess.com #155672"]
[Date "2009.05.23"]
[Round "4"]
[White "Senad_tesanj"]
[Black "Lacryma"]
[Result "0-1"]
[WhiteElo "1608"]
[BlackElo "1815"]
[PlyCount "76"]
[EventDate "2009.05.23"]
[EventType "swiss (blitz)"]

1. e4 {[%emt 0:00:26]} c6 {[%emt 0:00:01]} 2. d4 {[%emt 0:00:02]} d5 {[%emt 0:
00:01]} 3. Nc3 {[%emt 0:00:08]} dxe4 {[%emt 0:00:02]} 4. Nxe4 {[%emt 0:00:02]}
Nd7 {[%emt 0:00:02]} 5. Nf3 {[%emt 0:00:04]} Ngf6 {[%emt 0:00:04]} 6. Bd3 {
[%emt 0:00:03]} Nxe4 {[%emt 0:00:03]} 7. Bxe4 {[%emt 0:00:02]} Nf6 {[%emt 0:00:
01]} 8. Bd3 {[%emt 0:00:11]} Bg4 {[%emt 0:00:01]} 9. Be2 {[%emt 0:00:03]} e6 {
[%emt 0:00:01]} 10. Bg5 {[%emt 0:00:02]} Be7 {[%emt 0:00:01]} 11. h3 {[%emt 0:
00:01]} Bh5 {[%emt 0:00:02]} 12. O-O {[%emt 0:00:08]} O-O {[%emt 0:00:02]} 13.
g4 {[%emt 0:00:02]} Bg6 {[%emt 0:00:02]} 14. Ne5 {[%emt 0:00:01]} Qc7 {[%emt 0:
00:08]} 15. c3 {[%emt 0:00:03]} c5 {[%emt 0:00:02]} 16. Rc1 {[%emt 0:00:10]}
Rad8 {[%emt 0:00:04]} 17. Qa4 {[%emt 0:00:03]} a6 {[%emt 0:00:07]} 18. Nxg6 {
[%emt 0:00:06]} hxg6 {[%emt 0:00:02]} 19. f4 {[%emt 0:00:11]} Qd6 {[%emt 0:00:
09]} 20. Rcd1 {[%emt 0:00:24]} b5 {[%emt 0:00:04]} 21. Qc2 {[%emt 0:00:04]}
cxd4 {[%emt 0:00:02]} 22. Rxd4 {[%emt 0:00:01]} Qc7 {[%emt 0:00:07]} 23. Kg2 {
[%emt 0:00:12]} Bc5 {[%emt 0:00:06]} 24. Rxd8 {[%emt 0:00:02]} Rxd8 {[%emt 0:
00:01]} 25. Rd1 {[%emt 0:00:01]} Rxd1 {[%emt 0:00:03]} 26. Bxd1 {[%emt 0:00:02]
} Qd6 {[%emt 0:00:06]} 27. b4 {[%emt 0:00:07]} Be3 {[%emt 0:00:05]} 28. Kg3 {
[%emt 0:00:13]} e5 {[%emt 0:00:05]} 29. Bxf6 {[%emt 0:00:16]} Bxf4+ {[%emt 0:
00:14]} 30. Kf3 {[%emt 0:00:05]} Qxf6 {[%emt 0:00:01]} 31. Ke2 {[%emt 0:00:11]}
Qh4 {[%emt 0:00:04]} 32. Qd3 {[%emt 0:00:01]} Qe7 {[%emt 0:00:13]} 33. Bb3 {
[%emt 0:00:04]} Qb7 {[%emt 0:00:06]} 34. Bd5 {[%emt 0:00:08]} Qb6 {[%emt 0:00:
02]} 35. Kf3 {[%emt 0:00:19]} Qg1 {[%emt 0:00:10]} 36. Qxg6 {[%emt 0:00:04]}
Qg3+ {[%emt 0:00:07]} 37. Ke2 {[%emt 0:00:01]} Qe3+ {[%emt 0:00:01]} 38. Kd1 {
[%emt 0:00:03]} Qd2# {[%emt 0:00:02]} 0-1

[Event "Villarobledo Online Qualifyer"]
[Site "playchess.com #155672"]
[Date "2009.05.23"]
[Round "4"]
[White "Steflenicois"]
[Black "ZECE"]
[Result "1-0"]
[WhiteElo "2486"]
[BlackElo "2059"]
[PlyCount "89"]
[EventDate "2009.05.23"]
[EventType "swiss (blitz)"]

1. e4 {[%emt 0:00:02]} c5 {[%emt 0:00:01]} 2. Nf3 {[%emt 0:00:01]} e6 {[%emt 0:
00:04]} 3. d4 {[%emt 0:00:01]} cxd4 {[%emt 0:00:02]} 4. Nxd4 {[%emt 0:00:00]}
Nc6 {[%emt 0:00:02]} 5. Nxc6 {[%emt 0:00:01]} bxc6 {[%emt 0:00:01]} 6. Nc3 {
[%emt 0:00:01]} Bc5 {[%emt 0:00:01]} 7. Bd3 {[%emt 0:00:00]} Qb6 {[%emt 0:00:
02]} 8. O-O {[%emt 0:00:01]} Qc7 {[%emt 0:00:09]} 9. Kh1 {[%emt 0:00:02]} Nf6 {
[%emt 0:00:03]} 10. Qe2 {[%emt 0:00:02]} d5 {[%emt 0:00:01]} 11. f4 {[%emt 0:
00:01]} Nxe4 {[%emt 0:00:08]} 12. Nxe4 {[%emt 0:00:02]} dxe4 {[%emt 0:00:01]}
13. Bxe4 {[%emt 0:00:00]} O-O {[%emt 0:00:03]} 14. Qf3 {[%emt 0:00:02]} Bb7 {
[%emt 0:00:16]} 15. c4 {[%emt 0:00:01]} f5 {[%emt 0:00:02]} 16. Bc2 {[%emt 0:
00:03]} Bd6 {[%emt 0:00:01]} 17. a3 {[%emt 0:00:04]} c5 {[%emt 0:00:01]} 18.
Qg3 {[%emt 0:00:03]} Rf6 {[%emt 0:00:03]} 19. Rf2 {[%emt 0:00:40]} Qc6 {[%emt
0:00:18]} 20. Bd2 {[%emt 0:00:11]} Rg6 {[%emt 0:00:04]} 21. Qh3 {[%emt 0:00:01]
} Rf8 {[%emt 0:00:19]} 22. Bc3 {[%emt 0:00:02]} Bxf4 {[%emt 0:00:06]} 23. Bd1 {
[%emt 0:00:23]} Rh6 {[%emt 0:00:13]} 24. Qf3 {[%emt 0:00:48]} Rxh2+ {[%emt 0:
00:33]} 25. Kg1 {[%emt 0:00:01]} Qxf3 {[%emt 0:00:22]} 26. Bxf3 {[%emt 0:00:01]
} Bxf3 {[%emt 0:00:06]} 27. Rxf3 {[%emt 0:00:01]} Bc7 {[%emt 0:00:03]} 28. Rd1
{[%emt 0:00:01]} Rh6 {[%emt 0:00:06]} 29. Rd7 {[%emt 0:00:01]} Bh2+ {[%emt 0:
00:07]} 30. Kf1 {[%emt 0:00:01]} Rg6 {[%emt 0:00:04]} 31. Rxa7 {[%emt 0:00:05]}
Rd8 {[%emt 0:00:01]} 32. b4 {[%emt 0:00:08]} cxb4 {[%emt 0:00:04]} 33. axb4 {
[%emt 0:00:00]} Bd6 {[%emt 0:00:03]} 34. c5 {[%emt 0:00:02]} Bb8 {[%emt 0:00:
02]} 35. Rb7 {[%emt 0:00:01]} e5 {[%emt 0:00:01]} 36. Rxf5 {[%emt 0:00:03]} e4
{[%emt 0:00:02]} 37. Rff7 {[%emt 0:00:02]} e3 {[%emt 0:00:02]} 38. Rxg7+ {
[%emt 0:00:01]} Rxg7 {[%emt 0:00:02]} 39. Rxg7+ {[%emt 0:00:00]} Kf8 {[%emt 0:
00:01]} 40. Rxh7 {[%emt 0:00:03]} Kg8 {[%emt 0:00:01]} 41. Rh8+ {[%emt 0:00:01]
} Kf7 {[%emt 0:00:02]} 42. Rxd8 {[%emt 0:00:00]} Bg3 {[%emt 0:00:04]} 43. Ke2 {
[%emt 0:00:01]} Bf2 {[%emt 0:00:01]} 44. c6 {[%emt 0:00:02]} Ke6 {[%emt 0:00:
01]} 45. c7 {[%emt 0:00:01] ZECE resigns} 1-0